000 00902nam a22002417a 4500
001 80526
003 BD-RjUL
005 20230404110805.0
008 221013s2003 bg a|||| m||| 00| 0 eng d
035 _a(BD-RjUL)80526
040 _aBD-RjUL
_beng
_cBD-RjUL
_dBD-RjUL
041 _aeng
082 _223
_a519.536
_bKHR 2003
100 _aKhan, Md. Asraful Islam
_95229
245 1 0 _aThe Role of high leverage points in regression diagnostics /
_cBy Md. Asraful Islam Khan ;
_6Supervisor : A H. M. Rahmatullah Imon
260 _aRajshahi :
_bDepartment of Statistics, University of Rajshahi,
_c2003
300 _axii, 144 leaves :
_bill, ;
_c29.cm.
502 _aThesis (M. Phil.) -- Department of Statistics, University of Rajshahi, 2003
504 _aReferences : Leaves 138 - 144
650 _aRegression analysis
_95230
700 _aImon, A H. M. Rahmatullah, Supervisor
_95231
942 _2ddc
_cTHE
999 _c80526
_d80526